[Event "Imperia op 26th"]
[Site "Imperia"]
[Date "1984.09.09"]
[Round "9"]
[White "Gandolfo, Marco"]
[Black "Van Doorn, RPR U"]
[Result "1-0"]
[WhiteElo "1900"]
[BlackElo "2000"]
[PlyCount "23"]
[EventDate "1984.09.01"]
[EventType "swiss"]
[EventRounds "9"]
[EventCountry "ITA"]
[SourceTitle "EXT 2024"]
[Source "ChessBase"]
[SourceDate "2023.10.10"]
[SourceVersion "1"]
[SourceVersionDate "2023.10.10"]
[SourceQuality "1"]

1. g3 e5 2. c4 Bc5 3. Bg2 d6 4. Nc3 Be6 5. Bxb7 Nd7 6. Bxa8 Qxa8 7. e4 Bxc4 8. d3 Be6 9. Nf3 f5 10. Ng5 Bf7 11. Nxf7 Kxf7 12. 0-0 1-0

[Event "Imperia op 26th"]
[Site "Imperia"]
[Date "1984.09.08"]
[Round "8"]
[White "Tiviakov, Sergei"]
[Black "Van Doorn, RPR U"]
[Result "1-0"]
[WhiteElo "2200"]
[BlackElo "2000"]
[PlyCount "77"]
[EventDate "1984.09.01"]
[EventType "swiss"]
[EventRounds "9"]
[EventCountry "ITA"]
[SourceTitle "EXT 2024"]
[Source "ChessBase"]
[SourceDate "2023.10.10"]
[SourceVersion "1"]
[SourceVersionDate "2023.10.10"]
[SourceQuality "1"]

1. d4 Nf6 2. c4 e6 3. Nf3 b6 4. a3 d5 5. Nc3 Be7 6. e3 Ba6 7. Ne5 0-0 8. cxd5 Bxf1 9. Kxf1 exd5 10. g3 Re8 11. Kg2 c6 12. Qa4 b5 13. Qc2 Bd6 14. Nd3 Ne4 15. Nxe4 Rxe4 16. Bd2 Re6 17. Bb4 Bc7 18. Qe2 a5 19. Bc5 Nd7 20. Rac1 Qg5 21. h4 Qg6 22. h5 Qg5 23. Rh4 Re4 24. Rxe4 dxe4 25. Nf4 Nf6 26. Be7 Bxf4 27. exf4 Qxh5 28. Qxh5 Nxh5 29. Rxc6 Re8 30. Rc5 g6 31. Bg5 f6 32. Bh6 Rb8 33. Rc7 b4 34. g4 bxa3 35. bxa3 Rb2 36. gxh5 e3 37. Rg7+ Kh8 38. Re7 exf2 39. Re8# 1-0

[Event "Imperia op 26th"]
[Site "Imperia"]
[Date "1984.09.06"]
[Round "6"]
[White "Gresser, Gisela Kahn"]
[Black "Van Doorn, RPR U"]
[Result "1-0"]
[WhiteElo "2005"]
[BlackElo "2000"]
[PlyCount "51"]
[EventDate "1984.09.01"]
[EventType "swiss"]
[EventRounds "9"]
[EventCountry "ITA"]
[SourceTitle "EXT 2024"]
[Source "ChessBase"]
[SourceDate "2023.10.10"]
[SourceVersion "1"]
[SourceVersionDate "2023.10.10"]
[SourceQuality "1"]

1. e4 e5 2. Nf3 Nc6 3. Nc3 Nf6 4. Bb5 Bc5 5. Nxe5 Nxe5 6. d4 Bb4 7. dxe5 Nxe4 8. Qd4 Nxc3 9. bxc3 Be7 10. Qg4 g6 11. Qf3 f5 12. 0-0 c6 13. Bc4 d6 14. exd6 Qxd6 15. Bf4 Qf6 16. Rfe1 Bd7 17. Be5 Qh4 18. Bxh8 Qxc4 19. Bf6 Be6 20. Bxe7 Kxe7 21. Re3 Kd7 22. Rd3+ Bd5 23. Qh3 h5 24. Rd4 Qe2 25. c4 Re8 26. Qc3 1-0